000 00794nas a2200265 4500
001 BR2013003004
003 BR-BrBNA
005 20231205122213.0
007 ta
008 230509b bl.|||p| |||| 00| 00por d
040 _aBR-BrBNA
_bpor
_cBiblioteca Nacional de Agricultura
041 _a(En)
072 _aF50
100 1 _aAsinelli, M.E.C.
100 1 _aSouza, M.C. de
100 1 _aMourão, K.S.M.
245 1 _aFruit ontogeny of Garcinia gardneriana (Planch. Triana)Zappi (Clusiaceae)
650 _aGUTTIFERAE
650 _aANATOMIA VEGETAL
650 _aPERICARPO
650 _aSEMENTE
773 0 _tActa Botânica Brasilica (Brazil)
_xISSN 0102-3306
_g(Jan-Mar 2011), v. 25(1) p. 43-52
_wBR2013003004
909 _a202311
_bLúcia
_c55
_dLúcia Elande
942 _2AGRIS
_n0
_cANA
999 _c227444
_d227444